St. Louis Blues Leaders - Statistics

General Stats
  • This quiz has been taken 58 times
    13 since last reset
  • The average score is 49 of 102
Answer Stats
Stat Number Answer % Correct
Most Goals 527 Brett Hull
90%
Most Assists 409 Brett Hull
90%
Most Points 936 Brett Hull
90%
Most Games Played 744 Brett Hull
90%
Most Game Winning Goals 70 Brett Hull
90%
Most Games Played (Goalie) 377 Jordan Binnington
90%
Most Wins 186 Jordan Binnington
90%
Most Shutouts 19 Jordan Binnington
90%
Most Goals 262 Vladimir Tarasenko
90%
Most Assists 291 Vladimir Tarasenko
90%
Most Points 553 Vladimir Tarasenko
90%
Most Game Winning Goals 44 Vladimir Tarasenko
90%
Most Goals 352 Bernie Federko
70%
Most Assists 721 Bernie Federko
70%
Most Points 1073 Bernie Federko
70%
Most Games Played 927 Bernie Federko
70%
Most Game Winning Goals 40 Bernie Federko
70%
Most Assists 284 Brayden Schenn
70%
Most Game Winning Goals 35 Brayden Schenn
70%
Most Games Played (Goalie) 280 Curtis Joseph
70%
Most Wins 137 Curtis Joseph
70%
Best Career Save Percentage .907 Curtis Joseph
70%
Most Games Played (Goalie) 289 Jake Allen
70%
Most Wins 148 Jake Allen
70%
Most Shutouts 21 Jake Allen
70%
Best Career Save Percentage .913 Jake Allen
70%
Best Career Goals Against Average 2.50 Jake Allen
70%
Most Goals 195 Alexander Steen
60%
Most Assists 301 Alexander Steen
60%
Most Points 496 Alexander Steen
60%
Most Games Played 765 Alexander Steen
60%
Most Game Winning Goals 35 Alexander Steen
60%
Most Games Played 800 Colton Parayko
60%
Most Goals 206 David Backes
60%
Most Points 460 David Backes
60%
Most Games Played 727 David Backes
60%
Most Assists 341 Alex Pietrangelo
50%
Most Games Played 758 Alex Pietrangelo
50%
Most Assists 325 Al MacInnis
50%
Most Games Played (Goalie) 249 Grant Fuhr
50%
Most Wins 108 Grant Fuhr
50%
Most Shutouts 11 Grant Fuhr
50%
Most Games Played (Goalie) 347 Mike Liut
50%
Most Wins 151 Mike Liut
50%
Most Shutouts 10 Mike Liut
50%
Most Games Played 803 Barret Jackman
40%
Most Games Played (Goalie) 143 Brent Johnson
40%
Most Wins 76 Brent Johnson
40%
Most Shutouts 12 Brent Johnson
40%
Best Career Goals Against Average 2.27 Brent Johnson
40%
Most Games Played (Goalie) 181 Brian Elliott
40%
Most Wins 104 Brian Elliott
40%
Most Shutouts 25 Brian Elliott
40%
Best Career Save Percentage .925 Brian Elliott
40%
Best Career Goals Against Average 2.01 Brian Elliott
40%
Most Goals 303 Brian Sutter
40%
Most Assists 333 Brian Sutter
40%
Most Points 636 Brian Sutter
40%
Most Games Played 779 Brian Sutter
40%
Most Game Winning Goals 29 Brian Sutter
40%
Most Goals 196 David Perron
40%
Most Points 465 David Perron
40%
Most Games Played 673 David Perron
40%
Most Game Winning Goals 29 David Perron
40%
Most Shutouts 16 Glenn Hall
40%
Best Career Save Percentage .917 Glenn Hall
40%
Best Career Goals Against Average 2.43 Glenn Hall
40%
Most Games Played (Goalie) 159 Jaroslav Halák
40%
Most Wins 83 Jaroslav Halák
40%
Most Shutouts 20 Jaroslav Halák
40%
Best Career Save Percentage .916 Jaroslav Halák
40%
Best Career Goals Against Average 2.23 Jaroslav Halák
40%
Best Career Save Percentage .908 Joel Hofer
40%
Most Goals 208 Keith Tkachuk
40%
Most Game Winning Goals 29 Keith Tkachuk
40%
Most Goals 204 Pavol Demitra
40%
Most Assists 289 Pavol Demitra
40%
Most Points 493 Pavol Demitra
40%
Most Game Winning Goals 45 Pavol Demitra
40%
Most Games Played (Goalie) 209 Greg Millen
30%
Most Wins 85 Greg Millen
30%
Most Game Winning Goals 29 Red Berenson
30%
Most Games Played (Goalie) 154 Rick Wamsley
30%
Most Wins 75 Rick Wamsley
30%
Most Shutouts 13 Roman Turek
30%
Best Career Save Percentage .907 Roman Turek
30%
Best Career Goals Against Average 2.10 Roman Turek
30%
Most Goals 292 Garry Unger
20%
Most Points 575 Garry Unger
20%
Most Game Winning Goals 40 Garry Unger
20%
Most Shutouts 10 Jacques Plante
20%
Most Shutouts 10 Manny Legace
20%
Best Career Goals Against Average 2.62 Manny Legace
20%
Most Games Played 694 Patrik Berglund
20%
Best Career Save Percentage .915 Chris Mason
10%
Best Career Goals Against Average 2.47 Chris Mason
10%
Best Career Save Percentage .907 Ernie Wakely
10%
Most Assists 328 Robert Thomas
10%
Most Points 465 Brayden Schenn
0%
Best Career Save Percentage .907 Chris Osgood
0%
Best Career Goals Against Average 2.34 Chris Osgood
0%
Best Career Goals Against Average 2.20 Jamie McLennan
0%
No matching quizzes found
Score Distribution
Percent of People with Each Score
Percentile by Number Answered
Your Score History
You have not taken this quiz since the last reset